01171nam a2200193Ia 4500001001000000003001000010008004100020040002500061041001400086100001300100245009900113250001100212260009000223300002800313500024600341501011400587520024600701650003000947L220-4134IT-CnALBA170116s9999||||xx |||||||||||||| ||und|| aIT-CnALBAcIT-CnALBA aBILINGUE  aSIRACIDE 0aSACRA SCRITTURA GIUSTA LA VOLGATA. ECCLESIASTICO E CONCORDIA DEI LIBRI SAPIENZIALI. TOMO XII.  a1a ed. a GE LUGDUNIbOLZATI AGOST., STAMPERIA c1790 [1° Ed.:1790 - Ed.Ling.Originale: 1790] a504 p. (prefazione: 13) aILLUSTRAZIONI. SPIEGAZIONI LETTERALI E SPIRITUALI TRATTE DAI SS. PADRI E AUTORI ECCLESIASTICI DA DON LUIGI ISACCO, LE MAITRE DE SACY, TRADOTTE DAL FRANCESE. ECCLESIASTICO E CONCORDIA DEI LIBRI SAPIENZIALI. INTRODUZIONI. TAVOLE DEI CAPITOLI.  aSocietà San Paolo EM - Piazza San Paolo, 14 - 12051 ALBA (CN) (non commercial uses only) ® Copyright 2017 aILLUSTRAZIONI. SPIEGAZIONI LETTERALI E SPIRITUALI TRATTE DAI SS. PADRI E AUTORI ECCLESIASTICI DA DON LUIGI ISACCO, LE MAITRE DE SACY, TRADOTTE DAL FRANCESE. ECCLESIASTICO E CONCORDIA DEI LIBRI SAPIENZIALI. INTRODUZIONI. TAVOLE DEI CAPITOLI.  aBIBBIA - TESTI E COMMENTI